Nghiên cứu tương tác giữa Oxaliplatin với Guanine và Adenine bằng lý thuyết phiếm hàm mật độ : Luận văn tốt nghiệp cao học. Chuyên ngành Hóa lý thuyết và hóa lý
Sử dụng lý thuyết phiếm hàm mật độ nghiên cứu tương tác giữa Oxaliplatin với Guanie và Adenie
Сохранить в:
| Главный автор: | |
|---|---|
| Формат: | |
| Язык: | Undetermined |
| Опубликовано: |
Cần Thơ
Trường Đại học Cần Thơ
2016
|
| Предметы: | |
| Метки: |
Добавить метку
Нет меток, Требуется 1-ая метка записи!
|
| Thư viện lưu trữ: | Trung tâm Học liệu Trường Đại học Cần Thơ |
|---|
| LEADER | 01015nam a2200217Ia 4500 | ||
|---|---|---|---|
| 001 | CTU_212026 | ||
| 008 | 210402s9999 xx 000 0 und d | ||
| 082 | |a 541.3 | ||
| 082 | |b M515 | ||
| 088 | |a 60440119 | ||
| 100 | |a Nguyễn, Tuyền Muội | ||
| 245 | 0 | |a Nghiên cứu tương tác giữa Oxaliplatin với Guanine và Adenine bằng lý thuyết phiếm hàm mật độ : | |
| 245 | 0 | |b Luận văn tốt nghiệp cao học. Chuyên ngành Hóa lý thuyết và hóa lý | |
| 245 | 0 | |c Nguyễn Tuyền Muội ; Phạm Vũ Nhật (Cán bộ hướng dẫn) | |
| 260 | |a Cần Thơ | ||
| 260 | |b Trường Đại học Cần Thơ | ||
| 260 | |c 2016 | ||
| 520 | |a Sử dụng lý thuyết phiếm hàm mật độ nghiên cứu tương tác giữa Oxaliplatin với Guanie và Adenie | ||
| 650 | |a Physical chemistry,Hóa lý | ||
| 904 | |i Nguyên | ||
| 980 | |a Trung tâm Học liệu Trường Đại học Cần Thơ | ||